[Event "Senta Fantastico op 02"]
[Site "Senta"]
[Date "2024.02.22"]
[Round "1"]
[White "Sutormin, Danila"]
[Black "Ratkovic, Petar"]
[Result "1-0"]
[WhiteElo "2325"]
[BlackElo "2094"]
[PlyCount "73"]
[EventDate "2024.02.22"]
[EventType "swiss"]
[EventRounds "9"]
[EventCountry "SRB"]
[SourceTitle "CB10_2024"]
[SourceDate "2024.03.06"]
[SourceVersion "1"]
[SourceVersionDate "2024.03.06"]
[SourceQuality "1"]

1. e4 c6 2. Nf3 d5 3. d3 Qc7 4. Nc3 dxe4 5. Nxe4 Nf6 6. Qe2 Nxe4 7. Qxe4 Qa5+ 8. Bd2 Qd5 9. h3 Qxe4+ 10. dxe4 e6 11. Bc3 b6 12. a4 a5 13. Nd2 Ba6 14. h4 Bxf1 15. Kxf1 Nd7 16. h5 Rg8 17. Nc4 Bc5 18. Ke2 f6 19. f4 0-0-0 20. Be1 e5 21. f5 g6 22. fxg6 hxg6 23. h6 Nf8 24. c3 Ne6 25. Bd2 Nf4+ 26. Bxf4 exf4 27. Kf3 Rh8 28. h7 Rd7 29. Rh6 Rhxh7 30. Rxg6 Rd3+ 31. Kxf4 Rh4+ 32. Kf5 Be3 33. Rxf6 Rh5+ 34. Ke6 Bc5 35. Raf1 Rd8 36. e5 Rd5 37. Rf7 1-0

[Event "SRB-ch sf"]
[Site "Paracin"]
[Date "2024.02.09"]
[Round "6"]
[White "Mitrovic, Marjan"]
[Black "Ratkovic, Petar"]
[Result "1-0"]
[WhiteElo "2138"]
[BlackElo "2094"]
[PlyCount "71"]
[EventDate "2024.02.05"]
[EventType "swiss"]
[EventRounds "9"]
[EventCountry "SRB"]
[SourceTitle "CB07_2024"]
[SourceDate "2024.02.14"]
[SourceVersion "1"]
[SourceVersionDate "2024.02.14"]
[SourceQuality "1"]

1. c4 Nf6 2. Nc3 e5 3. g3 Bc5 4. Bg2 c6 5. e3 d6 6. h3 0-0 7. Nge2 Bb6 8. d4 a6 9. 0-0 exd4 10. exd4 Bf5 11. g4 Be6 12. d5 cxd5 13. cxd5 Bc8 14. Bf4 Bc7 15. Rc1 Nbd7 16. Bg5 h6 17. Bh4 g5 18. Bg3 Ne5 19. Kh1 Bb6 20. Nd4 Ne8 21. b3 Ng7 22. f4 gxf4 23. Bxf4 f5 24. Nxf5 Nxf5 25. gxf5 Rxf5 26. Ne4 Qf8 27. Qd2 Qg7 28. Nxd6 Rf8 29. Bxh6 Rxf1+ 30. Rxf1 Qg3 31. Rf8+ Kh7 32. Nxc8 Rxc8 33. Rxc8 Nf3 34. Qd3+ Kxh6 35. Qxf3 Qe1+ 36. Qf1 1-0

[Event "SRB-ch sf"]
[Site "Paracin"]
[Date "2024.02.08"]
[Round "5"]
[White "Ratkovic, Petar"]
[Black "Ciric, Pavle"]
[Result "0-1"]
[WhiteElo "2094"]
[BlackElo "2061"]
[PlyCount "68"]
[EventDate "2024.02.05"]
[EventType "swiss"]
[EventRounds "9"]
[EventCountry "SRB"]
[SourceTitle "CB07_2024"]
[SourceDate "2024.02.14"]
[SourceVersion "1"]
[SourceVersionDate "2024.02.14"]
[SourceQuality "1"]

1. d4 d5 2. c4 e6 3. Nc3 c5 4. cxd5 exd5 5. Nf3 Nc6 6. dxc5 d4 7. Na4 Bxc5 8. Nxc5 Qa5+ 9. Bd2 Qxc5 10. b4 Qb6 11. b5 Qxb5 12. e3 Qd5 13. Bc3 Bg4 14. Be2 Nf6 15. exd4 Ne4 16. Bb2 Qa5+ 17. Kf1 0-0 18. Kg1 Rad8 19. h3 Be6 20. Bd3 f5 21. Qe1 Qxe1+ 22. Rxe1 Bxa2 23. Bxe4 fxe4 24. Rxe4 Bd5 25. Rg4 Bxf3 26. gxf3 Rd5 27. Kg2 a5 28. Bc3 a4 29. Rb1 b5 30. Rxb5 Rxb5 31. d5 Rc8 32. Rxg7+ Kf8 33. Rxh7 Nd8 34. Rh8+ Ke7 0-1

[Event "SRB-ch sf"]
[Site "Paracin"]
[Date "2024.02.06"]
[Round "3"]
[White "Ratkovic, Petar"]
[Black "Todorovic, Goran N"]
[Result "1/2-1/2"]
[WhiteElo "2094"]
[BlackElo "2263"]
[PlyCount "63"]
[EventDate "2024.02.05"]
[EventType "swiss"]
[EventRounds "9"]
[EventCountry "SRB"]
[SourceTitle "CB07_2024"]
[SourceDate "2024.02.14"]
[SourceVersion "1"]
[SourceVersionDate "2024.02.14"]
[SourceQuality "1"]

1. d4 Nf6 2. Nc3 d5 3. Bf4 c6 4. e3 Bf5 5. f3 h6 6. g4 Bh7 7. h4 e6 8. Bd3 Bxd3 9. cxd3 Bd6 10. Nge2 Bxf4 11. Nxf4 Nbd7 12. Kf2 Ng8 13. Qc2 g6 14. Rae1 Ne7 15. Qb3 Qb6 16. Qa3 a5 17. Re2 Qb4 18. Qa4 0-0 19. Qd1 Qd6 20. Qd2 Kg7 21. Nh3 f6 22. Kg2 e5 23. dxe5 fxe5 24. Rf2 Rf7 25. Ne2 Qb4 26. Qc1 Nc5 27. Rd1 Ne6 28. d4 exd4 29. Nxd4 Nxd4 30. Rxd4 Qd6 31. Qc3 Kg8 32. Rf4 1/2-1/2

[Event "Pozarevac Rudar FM2 11"]
[Site "Pozarevac"]
[Date "2023.11.14"]
[Round "10.4"]
[White "Ratkovic, Petar"]
[Black "Zivkovic, Momcilo"]
[Result "1-0"]
[WhiteElo "2103"]
[BlackElo "1986"]
[PlyCount "101"]
[EventDate "2023.11.07"]
[EventType "schev"]
[EventRounds "10"]
[EventCountry "SRB"]
[SourceTitle "CB46_2023"]
[SourceDate "2023.11.15"]
[SourceVersion "1"]
[SourceVersionDate "2023.11.15"]
[SourceQuality "1"]
[WhiteTeam "Team B"]
[BlackTeam "Team A"]
[WhiteTeamCountry "SRB"]
[BlackTeamCountry "SRB"]

1. d4 d5 2. c4 Bf5 3. Nc3 e6 4. Bf4 c6 5. e3 Nd7 6. Qb3 Qc8 7. Nf3 Ngf6 8. Rc1 a5 9. h3 Bb4 10. Be2 h6 11. 0-0 Bxc3 12. bxc3 0-0 13. cxd5 a4 14. Qa3 exd5 15. Bd6 Re8 16. c4 Nb6 17. c5 Nbd7 18. Qb4 Ra7 19. Bh2 g5 20. Ne5 h5 21. Rc3 h4 22. Ra3 Nxe5 23. Bxe5 Ne4 24. Qe1 f6 25. Bh2 Kg7 26. f3 Ng3 27. Bxg3 hxg3 28. Qxg3 Rg8 29. h4 Kh8 30. e4 Bh7 31. exd5 cxd5 32. Re3 Qf5 33. Bd3 Qf4 34. Qxf4 gxf4 35. Bxh7 Rg7 36. Re6 Kxh7 37. Rxf6 Re7 38. Rxf4 Re2 39. Rf2 Re1+ 40. Kh2 Rd1 41. Rb2 a3 42. Rf7+ Kg6 43. Rbxb7 Ra8 44. Ra7 Rh8 45. Rf4 Rd3 46. Kh3 Re8 47. g4 Re1 48. h5+ Kh6 49. Rf6+ Kg5 50. Rg6+ Kf4 51. Rf7+ 1-0

[Event "Pozarevac Rudar FM2 11"]
[Site "Pozarevac"]
[Date "2023.11.08"]
[Round "2.2"]
[White "Ratkovic, Petar"]
[Black "Tosic, Nebojsa"]
[Result "1/2-1/2"]
[WhiteElo "2103"]
[BlackElo "1981"]
[PlyCount "79"]
[EventDate "2023.11.07"]
[EventType "schev"]
[EventRounds "10"]
[EventCountry "SRB"]
[SourceTitle "CB46_2023"]
[SourceDate "2023.11.15"]
[SourceVersion "1"]
[SourceVersionDate "2023.11.15"]
[SourceQuality "1"]
[WhiteTeam "Team B"]
[BlackTeam "Team A"]
[WhiteTeamCountry "SRB"]
[BlackTeamCountry "SRB"]

1. e4 e5 2. Nf3 d6 3. d4 exd4 4. Qxd4 Nf6 5. Nc3 Be7 6. Bf4 0-0 7. 0-0-0 a6 8. h3 Be6 9. Kb1 Nfd7 10. Qe3 Re8 11. Nd4 Nf8 12. g4 Nbd7 13. Qg3 Bh4 14. Qg2 Bf6 15. Be3 g6 16. f4 b5 17. Nc6 Qc8 18. f5 Bc4 19. Bd4 Bxd4 20. Rxd4 Ne5 21. Nxe5 Rxe5 22. Bxc4 bxc4 23. Nd5 c3 24. Nxc3 Nd7 25. h4 Rb8 26. Nd5 c6 27. Nf4 Qe8 28. fxg6 hxg6 29. h5 g5 30. Nd3 Reb5 31. a4 R5b7 32. b3 c5 33. Rd5 c4 34. Rxg5+ Kf8 35. Nf4 cxb3 36. c3 Nc5 37. Rxc5 dxc5 38. Kb2 Qxa4 39. Ra1 Qc4 40. g5 1/2-1/2

[Event "Ecka Rain Band 1st"]
[Site "Ecka"]
[Date "2023.06.20"]
[Round "8.2"]
[White "Shundi, Matias"]
[Black "Ratkovic, Petar"]
[Result "1-0"]
[WhiteElo "2223"]
[BlackElo "2051"]
[PlyCount "57"]
[EventDate "2023.06.13"]
[EventType "schev"]
[EventRounds "9"]
[EventCountry "SRB"]
[SourceTitle "CBM 214 Extra"]
[Source "ChessBase"]
[SourceDate "2023.07.31"]
[SourceVersion "1"]
[SourceVersionDate "2023.07.31"]
[SourceQuality "1"]
[WhiteTeam "Team C"]
[BlackTeam "Team A"]
[WhiteTeamCountry "SRB"]
[BlackTeamCountry "SRB"]

1. e4 c6 2. d4 d5 3. e5 c5 4. Nf3 Bg4 5. dxc5 Nc6 6. c3 e6 7. Be3 Bxf3 8. Qxf3 Nxe5 9. Bb5+ Nc6 10. c4 Qf6 11. Nd2 Qxf3 12. Nxf3 Nge7 13. 0-0-0 0-0-0 14. Ng5 Ne5 15. Bd4 h6 16. Nxe6 fxe6 17. Bxe5 Ng6 18. Bg3 Bxc5 19. cxd5 exd5 20. Rhe1 a6 21. Bd3 Ne7 22. Rxe7 Bxe7 23. Bf5+ Rd7 24. Rxd5 Rhd8 25. Kc2 g6 26. Be6 b5 27. Kb3 Bf6 28. Rd6 Bg7 29. Rb6 1-0

[Event "Ecka Rain Band 1st"]
[Site "Ecka"]
[Date "2023.06.17"]
[Round "5.3"]
[White "Besedes, Danilo"]
[Black "Ratkovic, Petar"]
[Result "1/2-1/2"]
[WhiteElo "2274"]
[BlackElo "2051"]
[PlyCount "131"]
[EventDate "2023.06.13"]
[EventType "schev"]
[EventRounds "9"]
[EventCountry "SRB"]
[SourceTitle "CBM 214 Extra"]
[Source "ChessBase"]
[SourceDate "2023.07.31"]
[SourceVersion "1"]
[SourceVersionDate "2023.07.31"]
[SourceQuality "1"]
[WhiteTeam "Team C"]
[BlackTeam "Team A"]
[WhiteTeamCountry "SRB"]
[BlackTeamCountry "SRB"]

1. Nf3 d5 2. g3 Nf6 3. Bg2 Bf5 4. d3 e6 5. 0-0 h6 6. Nbd2 Be7 7. Qe1 c6 8. e4 Bh7 9. Rb1 a5 10. h3 0-0 11. Qe2 Na6 12. e5 Nd7 13. a3 b5 14. b3 Rb8 15. Nh2 c5 16. Ndf3 Qc7 17. Ra1 Rfc8 18. Ng4 b4 19. h4 c4 20. dxc4 dxc4 21. Nd4 Ndc5 22. Qxc4 h5 23. Nh2 Qd7 24. Be3 Nxb3 25. Qxa6 Nxd4 26. axb4 Bxb4 27. Rfd1 Qb5 28. Bf1 Qxa6 29. Bxa6 Nxc2 30. Bxc8 Rxc8 31. Ra2 Nxe3 32. fxe3 Be4 33. Kf2 Bd5 34. Rb2 Ra8 35. Nf3 Bc3 36. Rbb1 Be4 37. Rbc1 Bxf3 38. Kxf3 Bxe5 39. Rc5 Bf6 40. Rdc1 g6 41. Rc8+ Rxc8 42. Rxc8+ Kg7 43. Rc5 Bd8 44. e4 a4 45. e5 a3 46. Rc8 Bb6 47. Rc4 a2 48. Ra4 Bd4 49. Rxa2 Bxe5 50. Ra3 Bd4 51. Ke4 e5 52. Kd5 Kf6 53. Rf3+ Ke7 54. Rf1 f5 55. Rf3 Kf6 56. Ra3 Kf7 57. Rd3 g5 58. Ra3 gxh4 59. gxh4 f4 60. Ke4 Bf2 61. Kxe5 Bxh4 62. Kxf4 Kg6 63. Ra6+ Bf6 64. Rb6 h4 65. Kg4 Kf7 66. Kf5 1/2-1/2

[Event "Ecka Rain Band 1st"]
[Site "Ecka"]
[Date "2023.06.16"]
[Round "4.3"]
[White "Ratkovic, Petar"]
[Black "Omorjan, Dejan"]
[Result "0-1"]
[WhiteElo "2051"]
[BlackElo "2281"]
[PlyCount "108"]
[EventDate "2023.06.13"]
[EventType "schev"]
[EventRounds "9"]
[EventCountry "SRB"]
[SourceTitle "CBM 214 Extra"]
[Source "ChessBase"]
[SourceDate "2023.07.31"]
[SourceVersion "1"]
[SourceVersionDate "2023.07.31"]
[SourceQuality "1"]
[WhiteTeam "Team A"]
[BlackTeam "Team D"]
[WhiteTeamCountry "SRB"]
[BlackTeamCountry "SRB"]

1. d4 d6 2. Nf3 Nf6 3. c4 g6 4. Nc3 Bg7 5. e3 0-0 6. Be2 Nbd7 7. 0-0 e5 8. b4 a5 9. b5 exd4 10. exd4 d5 11. Ba3 Re8 12. c5 Ne4 13. Na4 Nf8 14. Bb2 Bg4 15. Re1 Ne6 16. h3 Bxf3 17. Bxf3 N4g5 18. Re3 Nxf3+ 19. Qxf3 Qd7 20. Nc3 Nxd4 21. Qxd5 Qxd5 22. Nxd5 Rxe3 23. Nxe3 Ne2+ 24. Kf1 Bxb2 25. Rb1 Bd4 26. Kxe2 Bxc5 27. Nd5 Re8+ 28. Kd3 Re5 29. Nf6+ Kg7 30. Ne4 Bb6 31. f3 Rd5+ 32. Kc4 Rd4+ 33. Kc3 Ra4 34. Kb3 Rd4 35. Kc3 h6 36. Nd2 Ra4 37. Kb3 Rb4+ 38. Kc3 Bc5 39. Nb3 Bd6 40. a4 Rxa4 41. Rd1 Ra2 42. g4 b6 43. Kc4 Rc2+ 44. Kd4 Bb4 45. Ke4 Rc4+ 46. Kd5 Rc3 47. Nd4 Rc5+ 48. Ke4 Bc3 49. Nc6 Rxb5 50. Rd7 Bf6 51. f4 Rc5 52. Rxc7 a4 53. f5 gxf5+ 54. gxf5 a3 0-1

[Event "Ecka Rain Band 1st"]
[Site "Ecka"]
[Date "2023.06.15"]
[Round "3.3"]
[White "Dimitrijeski, Boris"]
[Black "Ratkovic, Petar"]
[Result "1-0"]
[WhiteElo "2198"]
[BlackElo "2051"]
[PlyCount "45"]
[EventDate "2023.06.13"]
[EventType "schev"]
[EventRounds "9"]
[EventCountry "SRB"]
[SourceTitle "CBM 214 Extra"]
[Source "ChessBase"]
[SourceDate "2023.07.31"]
[SourceVersion "1"]
[SourceVersionDate "2023.07.31"]
[SourceQuality "1"]
[WhiteTeam "Team D"]
[BlackTeam "Team A"]
[WhiteTeamCountry "SRB"]
[BlackTeamCountry "SRB"]

1. d4 d5 2. c4 dxc4 3. Nf3 a6 4. e3 Bg4 5. Bxc4 e6 6. h3 Bh5 7. 0-0 Nc6 8. Nc3 Nf6 9. Re1 Bd6 10. g4 Bg6 11. e4 e5 12. dxe5 Nxe5 13. Nxe5 Bxe5 14. f4 Bxc3 15. bxc3 Qxd1 16. Rxd1 h6 17. f5 Bh7 18. Ba3 Bg8 19. Rab1 b6 20. e5 Nd7 21. Bd5 0-0-0 22. e6 fxe6 23. fxe6 1-0

[Event "Arandjelovac op 1st"]
[Site "Arandjelovac"]
[Date "2023.03.19"]
[Round "6"]
[White "Ratkovic, Petar"]
[Black "Phatak, Aanjaneya"]
[Result "0-1"]
[WhiteElo "2099"]
[BlackElo "1981"]
[PlyCount "64"]
[EventDate "2023.03.15"]
[EventType "swiss"]
[EventRounds "9"]
[EventCountry "SRB"]
[SourceTitle "CBM 213 Extra"]
[Source "ChessBase"]
[SourceDate "2023.05.31"]
[SourceVersion "1"]
[SourceVersionDate "2023.05.31"]
[SourceQuality "1"]

1. d4 Nf6 2. c4 g6 3. Nc3 d5 4. cxd5 Nxd5 5. e4 Nxc3 6. bxc3 Bg7 7. Bc4 c5 8. Ne2 Nc6 9. Be3 0-0 10. 0-0 b6 11. dxc5 Qc7 12. cxb6 axb6 13. Bb3 Ba6 14. Re1 Rfd8 15. Qc1 Ne5 16. Nf4 Nd3 17. Nxd3 Rxd3 18. Rb1 Be5 19. Bd5 Rxc3 20. Qd1 Bxh2+ 21. Kh1 Rb8 22. Qa4 Bd3 23. Rxb6 e6 24. Rxb8+ Qxb8 25. Bd4 Rc8 26. Bxe6 fxe6 27. Qd7 Rc7 28. Qxe6+ Rf7 29. Re3 Bf4 30. Re1 Qd8 31. g3 Bxg3 32. fxg3 Qxd4 0-1

[Event "Arandjelovac op 1st"]
[Site "Arandjelovac"]
[Date "2023.03.18"]
[Round "5"]
[White "Srdanovic, Jovana"]
[Black "Ratkovic, Petar"]
[Result "1/2-1/2"]
[WhiteElo "2146"]
[BlackElo "2099"]
[PlyCount "62"]
[EventDate "2023.03.15"]
[EventType "swiss"]
[EventRounds "9"]
[EventCountry "SRB"]
[SourceTitle "CBM 213 Extra"]
[Source "ChessBase"]
[SourceDate "2023.05.31"]
[SourceVersion "1"]
[SourceVersionDate "2023.05.31"]
[SourceQuality "1"]

1. d4 d5 2. c4 dxc4 3. Nf3 a6 4. e3 Bg4 5. Bxc4 e6 6. 0-0 Nf6 7. h3 Bh5 8. Nc3 Nc6 9. Be2 Bd6 10. a3 0-0 11. b4 Nd5 12. Bb2 Nce7 13. e4 Nxc3 14. Bxc3 c6 15. Nd2 Bxe2 16. Qxe2 Ng6 17. Nc4 Bc7 18. Rad1 Nf4 19. Qf3 f5 20. e5 Nd5 21. Bb2 Qh4 22. Bc1 Rad8 23. Kh2 Rd7 24. Rd3 Qd8 25. Qe2 Qe7 26. f4 Nb6 27. Na5 Bb8 28. Rfd1 Rfd8 29. Nb3 Rd5 30. Nc5 Ba7 31. Qc2 Na8 1/2-1/2

[Event "Belgrade Gligoric 100 Ann op"]
[Site "Belgrade"]
[Date "2023.02.05"]
[Round "3"]
[White "Ratkovic, Petar"]
[Black "Radlovacki, Jovan"]
[Result "0-1"]
[WhiteElo "2095"]
[BlackElo "2292"]
[PlyCount "69"]
[EventDate "2023.02.05"]
[EventType "swiss (blitz)"]
[EventRounds "11"]
[EventCountry "SRB"]
[SourceTitle "EXT 2024"]
[Source "ChessBase"]
[SourceDate "2023.10.10"]
[SourceVersion "1"]
[SourceVersionDate "2023.10.10"]
[SourceQuality "1"]

1. d4 c6 2. c4 d6 3. Nc3 e5 4. e3 Nf6 5. Nf3 e4 6. Nd2 d5 7. Be2 Be7 8. 0-0 0-0 9. f3 c5 10. fxe4 cxd4 11. exd4 dxe4 12. Ndxe4 Nc6 13. Be3 Re8 14. d5 Ne5 15. Bd4 Nxe4 16. Nxe4 Bf8 17. Bh5 Qh4 18. Bxe5 Rxe5 19. Bxf7+ Kh8 20. Ng3 Bc5+ 21. Kh1 Bg4 22. Qd2 Re3 23. Nf5 Bxf5 24. Rxf5 Bd6 25. Rh5 Qf4 26. Be6 Rf8 27. Rg1 h6 28. Qc2 Re4 29. Rh3 Qe5 30. Qc3 Qg5 31. Qd3 Ref4 32. Rg3 Qf6 33. Qg6 Qd4 34. Qb1 Rh4 35. Qg6 0-1

[Event "Pozarevac Rudar Nesic Memorial 9th"]
[Site "Pozarevac"]
[Date "2023.01.28"]
[Round "4"]
[White "Kozhuharov, Spas"]
[Black "Ratkovic, Petar"]
[Result "1-0"]
[WhiteElo "2360"]
[BlackElo "2095"]
[PlyCount "65"]
[EventDate "2023.01.25"]
[EventType "tourn"]
[EventRounds "9"]
[EventCountry "SRB"]
[SourceTitle "CBM 212 Extra"]
[Source "ChessBase"]
[SourceDate "2023.03.31"]
[SourceVersion "1"]
[SourceVersionDate "2023.03.31"]
[SourceQuality "1"]

1. d4 d5 2. c4 e6 3. Nc3 Be7 4. Nf3 Nf6 5. Bf4 a6 6. c5 0-0 7. e3 Nh5 8. Bd3 Nxf4 9. exf4 c6 10. 0-0 b6 11. b4 a5 12. a3 Ba6 13. Re1 Bxd3 14. Qxd3 g6 15. Ne5 Qc7 16. Na4 b5 17. Nb6 Ra7 18. a4 bxa4 19. b5 cxb5 20. Qxb5 g5 21. fxg5 Bxg5 22. Ra3 Kh8 23. Rh3 Rg8 24. Qd3 f6 25. Ng6+ Kg7 26. Rxh7+ Kxh7 27. Nf8+ Kh8 28. Qh3+ Qh7 29. Nxh7 Rxh7 30. Qxe6 Na6 31. Nxd5 Nb4 32. Nxf6 Bxf6 33. Qxf6+ 1-0

[Event "Pozarevac Rudar Nesic Memorial 9th"]
[Site "Pozarevac"]
[Date "2023.01.26"]
[Round "2"]
[White "Novoselski, Zoran"]
[Black "Ratkovic, Petar"]
[Result "1/2-1/2"]
[WhiteElo "2302"]
[BlackElo "2095"]
[PlyCount "86"]
[EventDate "2023.01.25"]
[EventType "tourn"]
[EventRounds "9"]
[EventCountry "SRB"]
[SourceTitle "CBM 212 Extra"]
[Source "ChessBase"]
[SourceDate "2023.03.31"]
[SourceVersion "1"]
[SourceVersionDate "2023.03.31"]
[SourceQuality "1"]

1. c4 e5 2. Nc3 Bc5 3. e3 a6 4. d4 exd4 5. exd4 Ba7 6. Qg4 Kf8 7. d5 d6 8. Qg3 Qe8+ 9. Be2 Ne7 10. Nf3 f6 11. 0-0 Qg6 12. Qf4 Nd7 13. Be3 Qf5 14. Nd4 Qxf4 15. Ne6+ Kf7 16. Bxf4 Bb8 17. Rfe1 g5 18. Bh5+ Ng6 19. Bg3 Nde5 20. h4 gxh4 21. Bxh4 Ke7 22. Bg3 Bxe6 23. dxe6 c6 24. Be2 Ba7 25. Kf1 h5 26. Rad1 f5 27. Bxe5 Nxe5 28. b4 Rad8 29. Bd3 Rdf8 30. c5 Bb8 31. cxd6+ Bxd6 32. Bc2 Rh6 33. Bb3 h4 34. Re3 f4 35. Re4 f3 36. gxf3 Rxf3 37. Nb1 h3 38. Ke2 Rhf6 39. Rf1 h2 40. Rh4 Nd3 41. Rh7+ Ke8 42. Rh8+ Ke7 43. Rh7+ Ke8 1/2-1/2

[Event "SRB-ch sf"]
[Site "Paracin"]
[Date "2022.03.23"]
[Round "9"]
[White "Ratkovic, Petar"]
[Black "Kojovic, Dragan"]
[Result "0-1"]
[WhiteElo "2024"]
[BlackElo "2298"]
[PlyCount "62"]
[EventDate "2022.03.17"]
[EventType "swiss"]
[EventRounds "9"]
[EventCountry "SRB"]
[SourceTitle "CBM 207 Extra"]
[Source "ChessBase"]
[SourceDate "2022.05.31"]
[SourceVersion "1"]
[SourceVersionDate "2022.05.31"]
[SourceQuality "1"]

1. d4 d6 2. Nf3 Nf6 3. Bf4 g6 4. Nc3 Bg7 5. e4 c5 6. dxc5 Qa5 7. Qd2 Qxc5 8. Bd3 0-0 9. Bh6 Bg4 10. Bxg7 Kxg7 11. h4 h5 12. Ng5 Nc6 13. f3 Bd7 14. Ne2 Ne5 15. c3 a5 16. Nd4 b5 17. Be2 b4 18. Rc1 bxc3 19. Rxc3 Qa7 20. g4 Rh8 21. gxh5 Nxh5 22. Bb5 Bxb5 23. Nxb5 Qb6 24. Nd4 Rac8 25. Rg1 Rxc3 26. bxc3 Nf4 27. Nf5+ Kf8 28. Qd4 Ned3+ 29. Kd1 Qb1+ 30. Kd2 Qb2+ 31. Kd1 Qe2# 0-1

[Event "Belgrade Trophy 35th"]
[Site "Belgrade"]
[Date "2021.11.29"]
[Round "6"]
[White "Ratkovic, Petar"]
[Black "Kostic, V Vladimir"]
[Result "1/2-1/2"]
[WhiteElo "1971"]
[BlackElo "2149"]
[PlyCount "36"]
[EventDate "2021.11.24"]
[EventType "swiss"]
[EventRounds "9"]
[EventCountry "SRB"]
[SourceTitle "CBM 205 Extra"]
[Source "ChessBase"]
[SourceDate "2022.01.31"]
[SourceVersion "1"]
[SourceVersionDate "2022.01.31"]
[SourceQuality "1"]

1. d4 f5 2. Nc3 Nf6 3. Bg5 d5 4. Bxf6 exf6 5. e3 Be6 6. Bd3 Nc6 7. a3 a6 8. Nge2 Bd6 9. Qd2 b5 10. b4 Ne7 11. Nc1 c6 12. Nb3 Qc7 13. Ne2 Kf7 14. c3 Nc8 15. Qc2 g6 16. g3 Be7 17. Nf4 Bd7 18. 0-0 Nd6 1/2-1/2

[Event "Belgrade Trophy 35th"]
[Site "Belgrade"]
[Date "2021.11.26"]
[Round "3"]
[White "Vulinovic, Radivoje"]
[Black "Ratkovic, Petar"]
[Result "1-0"]
[WhiteElo "2237"]
[BlackElo "1971"]
[PlyCount "104"]
[EventDate "2021.11.24"]
[EventType "swiss"]
[EventRounds "9"]
[EventCountry "SRB"]
[SourceTitle "CBM 205 Extra"]
[Source "ChessBase"]
[SourceDate "2022.01.31"]
[SourceVersion "1"]
[SourceVersionDate "2022.01.31"]
[SourceQuality "1"]

1. Nf3 d5 2. g3 Nd7 3. d4 Nb6 4. Bg2 Bf5 5. Nc3 e6 6. 0-0 Be7 7. b3 h5 8. h4 Nf6 9. Ng5 Qd7 10. a4 Qc6 11. Bd2 Nc8 12. Ra2 Nd6 13. a5 a6 14. Na4 Nde4 15. Nxe4 Nxe4 16. Be1 Bd6 17. Qc1 b5 18. axb6 cxb6 19. c4 0-0 20. Nc3 Nxc3 21. Bxc3 b5 22. c5 Bc7 23. Ba5 Be4 24. Qd2 Bxg2 25. Kxg2 e5 26. Bxc7 Qxc7 27. b4 Rfe8 28. Rfa1 Qc6 29. Qg5 exd4 30. Qxh5 Re4 31. f3 Re3 32. Qg4 d3 33. exd3 Rxd3 34. Qf4 Qe6 35. Qd6 Qe3 36. Rf2 Qd4 37. Rxa6 Re8 38. Qd7 Qe3 39. Ra7 Rf8 40. Raa2 Rd1 41. Qxb5 d4 42. Qe2 Qb3 43. Qc2 Rb1 44. Qxb3 Rxb3 45. Rab2 Rc3 46. Rfd2 d3 47. b5 Rxc5 48. Rxd3 Rb8 49. b6 Rc6 50. b7 Rc7 51. Rdb3 Kf8 52. h5 Ke7 1-0

[Event "Paracin Summer op-A 12th"]
[Site "Paracin"]
[Date "2019.07.06"]
[Round "2"]
[White "Ratkovic, Petar"]
[Black "Mehmed, Elif"]
[Result "0-1"]
[WhiteElo "1954"]
[BlackElo "2164"]
[PlyCount "100"]
[EventDate "2019.07.05"]
[EventType "swiss"]
[EventRounds "9"]
[EventCountry "SRB"]
[SourceTitle "EXT 2020"]
[Source "ChessBase"]
[SourceDate "2019.10.17"]
[SourceVersion "1"]
[SourceVersionDate "2019.10.17"]
[SourceQuality "1"]

1. d4 d5 2. Nf3 Nf6 3. Bf4 c5 4. c3 Nc6 5. e3 Qb6 6. Qc2 Bf5 7. dxc5 Bxc2 8. cxb6 a6 9. Nbd2 e6 10. b4 Nd7 11. Bc7 Ba4 12. Be2 Be7 13. 0-0 Bd8 14. a3 Bxc7 15. bxc7 Rc8 16. c4 dxc4 17. Nxc4 Rxc7 18. Rac1 Ke7 19. Rc3 Nce5 20. Nfxe5 Nxe5 21. f4 Nxc4 22. Rxc4 Rxc4 23. Bxc4 Rc8 24. Be2 Rc3 25. Bf3 b6 26. Ra1 Rxe3 27. Kf2 Rc3 28. Ke2 a5 29. bxa5 bxa5 30. Kd2 Rc4 31. Ke3 Kf6 32. Be4 Bb3 33. Bd3 Rc8 34. Kd4 a4 35. Re1 h5 36. g3 g6 37. h3 h4 38. g4 Bd5 39. Bb5 Bg2 40. Re3 Bd5 41. Rc3 Rxc3 42. Kxc3 Bg2 43. Bxa4 Bxh3 44. Bc6 Bf1 45. Kd2 h3 46. Ke1 Bc4 47. Kf2 Bd5 48. g5+ Ke7 49. Bxd5 exd5 50. Kg3 d4 0-1

[Event "SRB-ch sf"]
[Site "Zrenjanin"]
[Date "2018.02.22"]
[Round "9"]
[White "Zdravkovic, Dragan S"]
[Black "Ratkovic, Petar"]
[Result "1/2-1/2"]
[WhiteElo "1768"]
[BlackElo "1879"]
[PlyCount "84"]
[EventDate "2018.02.16"]
[EventType "swiss"]
[EventRounds "9"]
[EventCountry "SRB"]
[SourceTitle "CBM 183 Extra"]
[Source "ChessBase"]
[SourceDate "2018.04.19"]
[SourceVersion "1"]
[SourceVersionDate "2018.04.19"]
[SourceQuality "1"]

1. e4 d6 2. d4 Nf6 3. Nc3 Nbd7 4. Nf3 e5 5. dxe5 dxe5 6. Bg5 Bb4 7. Bc4 0-0 8. 0-0 c6 9. Ne2 Qc7 10. c3 Bc5 11. Ng3 h6 12. Bd2 Nb6 13. Bd3 Rd8 14. Qe2 Bg4 15. Rad1 Rd7 16. b4 Bf8 17. Bc1 a5 18. a3 axb4 19. axb4 Na4 20. Qc2 b5 21. Be2 Nb6 22. Rxd7 Bxd7 23. Rd1 Be6 24. Nf5 Ra2 25. Bb2 Na4 26. Rb1 Rxb2 27. Rxb2 Nxb2 28. Qxb2 Nxe4 29. Ne3 f6 30. Bd3 Ng5 31. Bb1 Nxf3+ 32. gxf3 g6 33. h4 h5 34. Ba2 Qf7 35. Bxe6 Qxe6 36. Qa3 Qh3 37. c4 bxc4 38. Nxc4 Qe6 39. Qe3 f5 40. Qc3 Qe7 41. Nxe5 Qxb4 42. Qxb4 Bxb4 1/2-1/2

[Event "SRB-ch sf"]
[Site "Zrenjanin"]
[Date "2018.02.18"]
[Round "5"]
[White "Parkajic, Branislav"]
[Black "Ratkovic, Petar"]
[Result "0-1"]
[WhiteElo "1808"]
[BlackElo "1879"]
[PlyCount "70"]
[EventDate "2018.02.16"]
[EventType "swiss"]
[EventRounds "9"]
[EventCountry "SRB"]
[SourceTitle "CBM 183 Extra"]
[Source "ChessBase"]
[SourceDate "2018.04.19"]
[SourceVersion "1"]
[SourceVersionDate "2018.04.19"]
[SourceQuality "1"]

1. e4 c6 2. d4 d5 3. e5 Bf5 4. Nf3 e6 5. Be2 Ne7 6. 0-0 Nd7 7. Nbd2 h6 8. b3 Bh7 9. c4 dxc4 10. bxc4 Nf5 11. d5 cxd5 12. cxd5 exd5 13. Qb3 Qa5 14. Bb5 0-0-0 15. Bxd7+ Rxd7 16. g4 Ne7 17. Ba3 Nc6 18. Bxf8 Rxf8 19. Rac1 Rc7 20. h3 Rd8 21. Rfe1 h5 22. gxh5 Bf5 23. Kg2 Rh8 24. h4 Rxh5 25. Qe3 Qb4 26. a3 Qg4+ 27. Kf1 d4 28. Qb3 Qg6 29. Ke2 d3+ 30. Kd1 Qg2 31. Rf1 Bg4 32. Qxd3 Rf5 33. Ke2 Rxe5+ 34. Kd1 Rd7 35. Qc4 Qxf3+ 0-1